Lateinische Wörter #2 - Statistiken

Allgemein
  • Dieses Quiz wurde 5.131 mal gespielt
  • Das Durchschnittsergebnis liegt bei 14 aus 24
Antwortstatistiken
Latein Deutsch % Korrekt
Aqua Wasser
100%
Terra Erde
94%
Vita Leben
89%
Pater Vater
85%
Primus Der Erste
84%
Oculus Auge
70%
Magnus groß
69%
Aurum Gold
68%
Canis Hund
67%
Ante Vor
65%
Septem Sieben
63%
Crux Kreuz
60%
Urbs Stadt
59%
Equus Pferd
58%
Piscis Fisch
57%
Vox Stimme
55%
Sal Salz
49%
Centum einhundert
45%
Dulcis süß
42%
Somnus Schlaf
39%
Opus Arbeit
36%
Dexter rechts
28%
Pectus Brust
21%
Hibernum Winter
21%
Keine übereinstimmenden Quizze gefunden
Verteilung der Resultate
Anzahl Personen mit jedem Resultat
Perzentil nach korrekt beantworteten Fragen
Ihre Resultats-Entwicklung
Sie haben dieses Quiz noch nicht gespielt